000 00344nam a2200145Ia 4500
008 260624s2011 xx 000 0 und d
020 _a9781437713978
041 _aeng
082 _a618.92
100 _aRichard B
245 _aPediatric Clinical Skills
250 _a4th ed
260 _bElsevier, Pub.2011
_c2011
650 _aPediatrics
999 _c1223018
_d1223018